Storate networks explained:Basic and application of fibre channel SAN (Record no. 28257)
[ view plain ]
| 000 -LEADER | |
|---|---|
| fixed length control field | 00409nam a2200169Ia 4500 |
| 082 ## - DEWEY DECIMAL CLASSIFICATION NUMBER | |
| Classification number | 4.68 |
| Item number | TRO |
| 100 ## - MAIN ENTRY--PERSONAL NAME | |
| Personal name | Troppens/ Ulf/ Erkens/R |
| 245 ## - TITLE STATEMENT | |
| Title | Storate networks explained:Basic and application of fibre channel SAN |
| 260 ## - PUBLICATION, DISTRIBUTION, ETC. | |
| Name of publisher, distributor, etc. | Wiley . |
| Date of publication, distribution, etc. | 2003 |
| 366 ## - TRADE AVAILABILITY INFORMATION | |
| Publishers's discount category | 20 |
| 300 ## - PHYSICAL DESCRIPTION | |
| Extent | 564 |
| 546 ## - LANGUAGE NOTE | |
| Language note | ENGLISH |
| -- | electronics |
| 650 ## - SUBJECT ADDED ENTRY--TOPICAL TERM | |
| Topical term or geographic name entry element | Networks |
| 654 ## - SUBJECT ADDED ENTRY--FACETED TOPICAL TERMS | |
| Focus term | storage networks |
| 942 ## - ADDED ENTRY ELEMENTS (KOHA) | |
| Koha item type | BOOK |
| Withdrawn status | Lost status | Damaged status | Not for loan | Collection | Home library | Current library | Date acquired | Source of acquisition | Cost, normal purchase price | Total Checkouts | Full call number | Barcode | Date last seen | Cost, replacement price | Price effective from | Koha item type |
|---|---|---|---|---|---|---|---|---|---|---|---|---|---|---|---|---|
| CRC | Fr. Agnel's C.Rodrigues College of Engineering | Fr. Agnel's C.Rodrigues College of Engineering | 17/03/2023 | Shroff Publishers | 439.20 | 4.68 TRO | 24622 | 17/03/2023 | 549.00 | BOOK | ||||||
| CRC | Fr. Agnel's C.Rodrigues College of Engineering | Fr. Agnel's C.Rodrigues College of Engineering | 17/03/2023 | Shroff Publishers | 439.20 | 4.68 TRO | 24623 | 17/03/2023 | 549.00 | BOOK | ||||||
| CRC | Fr. Agnel's C.Rodrigues College of Engineering | Fr. Agnel's C.Rodrigues College of Engineering | 17/03/2023 | Shroff Publishers | 439.20 | 4.68 TRO | 24624 | 17/03/2023 | 549.00 | BOOK | ||||||
| CRC | Fr. Agnel's C.Rodrigues College of Engineering | Fr. Agnel's C.Rodrigues College of Engineering | 17/03/2023 | Shroff Publishers | 439.20 | 4.68 TRO | 24625 | 17/03/2023 | 549.00 | BOOK | ||||||
| CRC | Fr. Agnel's C.Rodrigues College of Engineering | Fr. Agnel's C.Rodrigues College of Engineering | 17/03/2023 | Shroff Publishers | 439.20 | 4.68 TRO | 24626 | 17/03/2023 | 549.00 | BOOK |